Avez-vous vu le film Bernadette ? - Statistiques

Statistiques générales
  • Ce quiz a été pris 28 fois
  • Le résultat moyen est 5 sur 10
Statistiques - réponses
Question Réponse % Correct
Dans quel département participe-t-elle aux élections cantonnales ? Corrèze
67%
Quelle célébrité accepte en premier de réaliser avec elle une journée "opération pièces jaunes" ? David Douillet
67%
Contre qui Bernadette a-t-elle manigancé un plan pour que cette personne soit virée de l'Elysée ? Le chauffeur de Jacques Chirac
67%
Quel nom Bernadette donne-t-elle à sa tortue ? Marie-Antoinette
67%
Comment surnomme-t-elle son conseiller en communication ? Mickey
67%
Qui Bernadette soutient-elle lors de la campagne de l'élection présidentielle de 2007 ? Nicolas Sarkozy
67%
Selon le sondage réalisé par son conseiller en communication, quelle principale caractéristique représente Bernadette ? Ringarde
67%
Quelle personnalité politique Bernadette accueille-t-elle seule à la campagne, sans prévenir son mari ? Hillary Clinton
33%
Le prêtre est fier d'avoir officié lors du mariage de quel chanteur ? Johnny Hallyday
33%
Comment s'appelle l'institut d'accueil des adolescents souffrant de troubles alimentaires dont Bernadette a été à l'initiative ? La Maison de Solenn
0%
Aucun quiz correspondant
Distribution des résultats
% des personnes avec chaque résultat
Percentile par nombre de réponses
Votre historique - résultats
Vous n’avez pas pris ce quiz